Základy všeobecnej psychológie /
Guardado en:
| Autores principales: | , |
|---|---|
| Formato: | Libro |
| Lenguaje: | eslovaco |
| Publicado: |
Bratislava :
Slovenské pedagogické nakladateľstvo,
1979
|
| Materias: | |
| Acceso en línea: | OBSAH |
| Etiquetas: |
Sin Etiquetas, Sea el primero en etiquetar este registro!
|
MARC
| LEADER | 00000nam a22000003a 4500 | ||
|---|---|---|---|
| 001 | stu40314 | ||
| 005 | 20150617225721.9 | ||
| 008 | 930419s1979----cs------------------slo-d | ||
| 040 | |a STU |b slo | ||
| 041 | 0 | |a slo | |
| 044 | |a cs | ||
| 080 | |a 159.9 | ||
| 100 | 1 | |a Boroš, Július |4 aut |u M |T MTF Materiálovotechnologická fakulta |U M |Y 60 | |
| 245 | 1 | |a Základy všeobecnej psychológie / |c [aut.]Tomáš Pardel, Július Boroš | |
| 260 | |a Bratislava : |b Slovenské pedagogické nakladateľstvo, |c 1979 | ||
| 300 | |a 562 s | ||
| 650 | 7 | |a Psychológia všeobecná |2 stusub | |
| 650 | 7 | |a základy |2 stusub | |
| 700 | 1 | |a Pardel, Tomáš |4 aut | |
| 856 | 4 | |a https://sweb.mtf.stuba.sk/obsahy/zaklady_vseobecnej_psychologie_79 |u https://sweb.mtf.stuba.sk/obsahy/zaklady_vseobecnej_psychologie_79 |3 OBSAH | |
| 996 | |b 284M034002 |c M*6480-1 |l MMST |s A |a 24 |w stu40314_0001 | ||